Eel culture

Gardado en:
Detalles Bibliográficos
Autor Principal: Usui, Atsushi
Formato: Libro
Idioma:Undetermined
Publicado: Oxford Fishing News Books 1991
Những chủ đề:
Các nhãn: Engadir etiqueta
Sen Etiquetas, Sexa o primeiro en etiquetar este rexistro!
Thư viện lưu trữ: Trung tâm Học liệu Trường Đại học Cần Thơ
LEADER 00476nam a2200181Ia 4500
001 CTU_38823
008 210402s9999 xx 000 0 und d
082 |a 639.3751 
082 |b U84 
100 |a Usui, Atsushi 
245 0 |a Eel culture 
245 0 |c Atsushi Usui ; Translated by Ichiro Hayashi 
260 |a Oxford 
260 |b Fishing News Books 
260 |c 1991 
650 |a Eel culture 
904 |i Giang 
980 |a Trung tâm Học liệu Trường Đại học Cần Thơ